000 00672nam a2200241Ia 4500
003 OSt
005 20220924124004.0
006 a|||||r|||| 00| 0
007 ta
008 220923b |||||||| |||| 00| 0 san d
024 _a77266
037 _cTextual
040 _aARTS
_cARTS
_bsan
041 _2san
_asan
082 _aR68xI67,1, 15M4
100 _aSastri Anantakishna
_9194480
245 0 _aNyaymrta and advaita siddhi
260 _aNew Delhi
_b Meharchand lachmandas
_c1984
300 _a95+673p.
_ccm.
650 _aADVAITA PHILOSOPHY
_9790
942 _hR68xI67,1, 15M4
_cTEXL
_2CC
999 _c417967
_d417967